Normal view
MARC view
- METAL WORK-DICTIONARIES MANUFACTURING PROCESSES-DICTIONARIES
Entry Topical Term
001 - CONTROL NUMBER
- control field: 57847
003 - CONTROL NUMBER IDENTIFIER
- control field: NUST
005 - DATE AND TIME OF LATEST TRANSACTION
- control field: 20210628202016.0
008 - FIXED-LENGTH DATA ELEMENTS
- fixed length control field: 210628|| aca||aabn | a|a d
040 ## - CATALOGING SOURCE
- Original cataloging agency: NUST
- Transcribing agency: NUST
150 ## - HEADING--TOPICAL TERM
- Topical term or geographic name entry element: METAL WORK-DICTIONARIES MANUFACTURING PROCESSES-DICTIONARIES
670 ## - SOURCE DATA FOUND
- Source citation: Work cat.: (NUST): Krar, Steve F 57846, Illustrated dictionary of metalworking and manufacturing technology, 1999
